<?xml version="1.0" encoding="UTF-8"?>
<collection xmlns="http://www.loc.gov/MARC21/slim">
 <record>
  <leader>     na                 </leader>
  <controlfield tag="001">INLIS000000000698166</controlfield>
  <controlfield tag="005">20251022034805</controlfield>
  <datafield tag="035" ind1=" " ind2=" ">
   <subfield code="a">0010-1025000112</subfield>
  </datafield>
  <controlfield tag="007">ta</controlfield>
  <controlfield tag="008">251022                           0 ind  </controlfield>
  <datafield tag="040" ind1=" " ind2=" ">
   <subfield code="a">JIPUBAY</subfield>
  </datafield>
  <datafield tag="100" ind1="0" ind2=" ">
   <subfield code="a">Nakayama Shiciri</subfield>
   <subfield code="e">Pengarang</subfield>
   <subfield code="e">Nakayama Shiciri</subfield>
   <subfield code="e">Pengarang</subfield>
  </datafield>
  <datafield tag="245" ind1="1" ind2=" ">
   <subfield code="a">The confession of the sirens :</subfield>
   <subfield code="b">nyanyian sang siren /</subfield>
   <subfield code="c">Shiciri Nakayama ; alih bahasa, Joyce Anastasia Setyawan ; ilustrator, Hastapena ; editor, Tiyas Puspita Sari</subfield>
  </datafield>
  <datafield tag="250" ind1=" " ind2=" ">
   <subfield code="a">Cetakan pertama</subfield>
  </datafield>
  <datafield tag="300" ind1=" " ind2=" ">
   <subfield code="a">333 halaman ;</subfield>
   <subfield code="c">19 cm</subfield>
  </datafield>
  <datafield tag="020" ind1=" " ind2=" ">
   <subfield code="a">978-623-03-1064-5</subfield>
  </datafield>
  <datafield tag="082" ind1=" " ind2=" ">
   <subfield code="a">899.221 3</subfield>
  </datafield>
  <datafield tag="084" ind1=" " ind2=" ">
   <subfield code="a">899.221 3 NAK t</subfield>
  </datafield>
  <datafield tag="264" ind1=" " ind2=" ">
   <subfield code="a">Jakarta :</subfield>
   <subfield code="b">Gramedia Pustaka Utama,</subfield>
   <subfield code="c">2023</subfield>
  </datafield>
  <datafield tag="336" ind1=" " ind2=" ">
   <subfield code="2">rdacontent</subfield>
   <subfield code="a">teks</subfield>
  </datafield>
  <datafield tag="337" ind1=" " ind2=" ">
   <subfield code="2">rdamedia</subfield>
   <subfield code="a">tanpa perantara</subfield>
  </datafield>
  <datafield tag="338" ind1=" " ind2=" ">
   <subfield code="2">rdacarrier</subfield>
   <subfield code="a">volume</subfield>
  </datafield>
  <datafield tag="520" ind1=" " ind2=" ">
   <subfield code="a">Separuh bagian atas makhluk itu adalah tubuh seorang perempuan, sementara separuh bagian bawahnya adalah burung atau ikan. Makhluk itu akan bernyanyi dan mengacaukan pikiran para awak kapal, mengundang mereka menuju kehancuran. Menurutku, kalian persis seperti siren itu. Dengan kata-kata manis, kalian mengundang para penonton ke dalam pusaran kecurigaan dan penghinaan. Hati kecil Takami tak menerima ucapan menusuk dari Detektif Kudou mengenai pekerjaannya itu. Di sisi lain, pikiran Takami terus berkecamuk mempertanyakan kebenarannya. Kasus penculikan yang berujung pada pembunuhan telah terjadi di sebuah pabrik bekas di wilayah Yotsugi. Takami Asakura, seorang reporter muda yang bekerja di program berita Afternoon JAPAN bertekad untuk mendapatkan scoop terkait kasus tersebut. Bersama Satoya, partnernya, Takami berusaha keras menangkap pelakunya. Sebab bagi Takami, seorang reporter ada untuk menjadi pengingat sekaligus penunjuk jalan bagi masyarakat. Namun, kasus tersebut justru menunjukkan kepadanya sisi kelam dunia jurnalisme. Takami yang naif pun dihadapkan pada keraguan mengenai apakah pekerjaan yang dijalaninya selama ini adalah hal yang benar</subfield>
  </datafield>
  <datafield tag="650" ind1=" " ind2="4">
   <subfield code="a">Cerita detektif dan misteri</subfield>
  </datafield>
  <datafield tag="650" ind1=" " ind2="4">
   <subfield code="a">Fiksi Jepang</subfield>
  </datafield>
  <datafield tag="650" ind1=" " ind2="4">
   <subfield code="a">Fiksi aksi dan petualangan</subfield>
  </datafield>
  <datafield tag="700" ind1="0" ind2=" ">
   <subfield code="a">Nakayama Shiciri</subfield>
   <subfield code="e">Pengarang</subfield>
  </datafield>
  <datafield tag="700" ind1="0" ind2=" ">
   <subfield code="a">Joyce Anastasia Setyawan</subfield>
   <subfield code="e">Penerjemah</subfield>
  </datafield>
  <datafield tag="700" ind1="0" ind2=" ">
   <subfield code="a">Hastapena</subfield>
   <subfield code="e">Ilustrator</subfield>
  </datafield>
  <datafield tag="700" ind1="0" ind2=" ">
   <subfield code="a">Tiyas Puspita Sari</subfield>
   <subfield code="e">Penyunting</subfield>
  </datafield>
  <datafield tag="740" ind1=" " ind2=" ">
   <subfield code="a">Sirens no zange (Bunko)</subfield>
  </datafield>
  <datafield tag="850" ind1=" " ind2=" ">
   <subfield code="a">JIPUBAY</subfield>
  </datafield>
 </record>
</collection>
